[Event "50th Rilton Cup 2022-23"]
[Site "Stockholm SWE"]
[Date "2022.12.28"]
[Round "2.66"]
[White "Delgerdalai, Bayarjavkhlan"]
[Black "Wernberg, Hugo"]
[Result "1/2-1/2"]
[BlackTitle "FM"]
[WhiteElo "2100"]
[BlackElo "2255"]
[WhiteFideId "23727276"]
[BlackFideId "1737511"]
[EventDate "2022.12.27"]

1. c4 e6 2. d4 d5 3. Nf3 Nf6 4. Nc3 c6 5. Bg5 h6 6. Bh4 Be7 7. e3 Nbd7 8. Rc1
O-O 9. Bd3 a6 10. O-O dxc4 11. Bxc4 c5 12. a4 cxd4 13. exd4 Nd5 14. Bxd5 Bxh4
15. Ba2 Bf6 16. Qd3 Re8 17. Rfe1 Nf8 18. Ne4 Be7 19. Ne5 Bd7 20. Qf3 f6 21. Nxd7
Qxd7 22. d5 Bb4 23. Nxf6+ gxf6 24. Qg4+ Kh8 25. Qxb4 exd5 26. Qd4 Nh7 27. Qxd5
Qxa4 28. Bb1 Rxe1+ 29. Rxe1 Re8 30. Rf1 Re7 31. Qh5 Qf4 32. Rd1 Qg5 33. Qf3 Kg7
34. h4 Qxh4 35. Qd3 Nf8 36. Qf3 Ng6 37. Ba2 Qb4 38. g3 Re1+ 39. Rxe1 Qxe1+ 40.
Kg2 Qe7 41. Qd5 h5 42. Qxh5 Qe4+ 43. Qf3 Qxf3+ 44. Kxf3 f5 45. Ke3 Kf6 46. f4
Ne7 47. Kd4 b6 48. Bc4 a5 49. b3 Nc6+ 50. Kd5 Nb4+ 51. Kd6 Kg6 52. Kc7 b5 53.
Bxb5 Nd5+ 54. Kb7 Nc3 55. Kb6 Kh5 56. Bd7 Kg4 57. Kxa5 Kxg3 58. Kb4 Na2+ 59. Ka3
Nc3 60. b4 Kxf4 61. Kb3 Nd5 62. b5 Ke5 63. Bxf5 1/2-1/2

[Event "50th Rilton Cup 2022-23"]
[Site "Stockholm SWE"]
[Date "2022.12.28"]
[Round "2.67"]
[White "Kukreja, Sankalp"]
[Black "Persson, Sebastian 2007"]
[Result "1-0"]
[WhiteTitle "CM"]
[WhiteElo "2254"]
[BlackElo "1727"]
[WhiteFideId "45027676"]
[BlackFideId "1764187"]
[EventDate "2022.12.27"]

1. e4 c6 2. d4 d5 3. exd5 cxd5 4. c4 Nf6 5. Nc3 Nc6 6. Nf3 Bg4 7. cxd5 Nxd5 8.
Qb3 Bxf3 9. gxf3 e6 10. Qxb7 Nxd4 11. Bb5+ Nxb5 12. Qc6+ Ke7 13. Qc5+ Nd6 14.
Nxd5+ exd5 15. O-O Kd7 16. Qxd5 Rb8 17. Rd1 Qf6 18. Bg5 Qg6 19. Rac1 Rb6 20. Qc5
f5 21. Qc8# 1-0

[Event "50th Rilton Cup 2022-23"]
[Site "Stockholm SWE"]
[Date "2022.12.28"]
[Round "2.68"]
[White "Guillo Longares, Cecilia"]
[Black "Westerinen, Heikki M.J."]
[Result "1-0"]
[WhiteTitle "WFM"]
[BlackTitle "GM"]
[WhiteElo "1941"]
[BlackElo "2253"]
[WhiteFideId "32082681"]
[BlackFideId "500020"]
[EventDate "2022.12.27"]

1. d4 Nf6 2. c4 g6 3. Nf3 Bg7 4. g3 O-O 5. Bg2 d6 6. O-O Nc6 7. Nc3 Bf5 8. b3
Ne4 9. Nd5 Bd7 10. Bb2 e6 11. Nf4 Ng5 12. Nxg5 Qxg5 13. e4 Nxd4 14. Bxd4 e5 15.
Nd5 exd4 16. Nxc7 Rac8 17. Nd5 b5 18. f4 Qd8 19. f5 Be5 20. f6 Kh8 21. Qc1 bxc4
22. bxc4 Be6 23. Qh6 Rg8 24. Bh3 Bxd5 25. cxd5 Rc2 26. Rab1 Bxf6 27. Rb7 Rg7 28.
Rd7 Qb6 29. Rxf6 d3+ 30. Kh1 Qb2 31. Rdxf7 Qc1+ 32. Qxc1 Rxc1+ 33. Kg2 d2 34.
Bg4 h5 35. Be2 d1=Q 36. Bxd1 Rxd1 37. Rxg7 Kxg7 38. Rxd6 Rd2+ 39. Kf3 Rxa2 40.
e5 a5 41. Rd7+ Kf8 42. Ra7 a4 43. e6 Rd2 44. Ke4 1-0

[Event "50th Rilton Cup 2022-23"]
[Site "Stockholm SWE"]
[Date "2022.12.29"]
[Round "3.1"]
[White "Pantzar, Milton"]
[Black "Urkedal, Frode Olav Olsen"]
[Result "1/2-1/2"]
[WhiteTitle "IM"]
[BlackTitle "GM"]
[WhiteElo "2465"]
[BlackElo "2536"]
[WhiteFideId "1721003"]
[BlackFideId "1506102"]
[EventDate "2022.12.27"]

1. d4 Nf6 2. c4 e6 3. Nc3 Bb4 4. e3 O-O 5. Bd2 d5 6. Nf3 Nbd7 7. Rc1 c6 8. Bd3
Bd6 9. O-O dxc4 10. Bxc4 e5 11. h3 Qe7 12. Qc2 a6 13. Bb3 Kh8 14. Rfe1 h6 15. e4
exd4 16. Nxd4 Qe5 17. Nf3 Qh5 18. Ne2 Ne5 19. Nxe5 Bxe5 20. Nf4 Bxf4 21. Bxf4
Qg6 22. Re3 Re8 23. Rce1 Be6 24. Bh2 Bxb3 25. Qxb3 Re7 26. Bd6 Rd7 27. Be5 Nh5
28. Rd1 Rad8 29. Rxd7 Rxd7 30. g4 Qg5 31. Bb8 Nf4 32. Bxf4 Qxf4 33. Qc2 Qe5 34.
Kg2 Rd4 35. Qb3 Qe7 36. e5 Rd5 37. Re2 Qd7 38. Qe3 Rd3 39. Qe4 Rd4 40. Qf3 Qe6
41. b3 Kg8 42. Kg3 Kf8 43. Qf5 Ke7 44. Qh7 g5 45. Qc2 Qd5 46. Re3 Rd1 47. Qe4
Qxe4 48. Rxe4 Ke6 49. Re3 Rd2 50. a4 Rd4 51. f3 b5 52. axb5 axb5 53. h4 c5 54.
h5 b4 55. Kf2 Rd5 56. Re2 Rd3 57. Ra2 Kxe5 58. Ra6 Rd6 59. Ra7 f5 60. gxf5 Rd2+
61. Kg3 Kxf5 62. Rc7 Rc2 63. Rc6 Rc3 64. Rxh6 g4 65. Rc6 Rxf3+ 66. Kg2 Rxb3 67.
Rxc5+ Kf4 68. Rc4+ Kg5 69. h6 Rb2+ 70. Kg3 Kxh6 71. Kxg4 Rb1 72. Rc6+ Kg7 73.
Kf3 b3 74. Rb6 Rh1 75. Kg2 Rb1 76. Kf2 Kf7 77. Ke2 Ke7 78. Kd2 Kd7 79. Kc3 Rc1+
80. Kb2 Rc6 81. Rxc6 Kxc6 82. Kxb3 1/2-1/2

[Event "50th Rilton Cup 2022-23"]
[Site "Stockholm SWE"]
[Date "2022.12.29"]
[Round "3.2"]
[White "Galperin, Platon"]
[Black "Sorensen, Hampus"]
[Result "1/2-1/2"]
[WhiteTitle "GM"]
[BlackTitle "IM"]
[WhiteElo "2530"]
[BlackElo "2442"]
[WhiteFideId "14165414"]
[BlackFideId "8703884"]
[EventDate "2022.12.27"]

1. Nf3 d5 2. g3 Bg4 3. Bg2 Nd7 4. h3 Bh5 5. d4 e6 6. c4 c6 7. O-O Ngf6 8. cxd5
cxd5 9. Nc3 Bd6 10. Qb3 Qb6 11. Qxb6 Nxb6 12. Ne5 O-O 13. a4 a6 14. a5 Nbd7 15.
Nxd7 Nxd7 16. e4 dxe4 17. Nxe4 Bc7 18. Be3 b6 19. Rfc1 Rfc8 20. Rc3 Bd8 21. axb6
Nxb6 22. Nd6 Rxc3 23. bxc3 Rb8 24. Rxa6 Nd5 25. Bd2 Bc7 26. c4 Be2 27. Rc6 Rb6
28. cxd5 Rxc6 29. dxc6 Bxd6 30. Ba5 Kf8 31. Bf1 Bxf1 32. Kxf1 Ke7 33. Ke2 Ba3
34. Bc7 Bd6 35. Bb6 Ba3 36. Kd3 Kd6 37. c7 Kd7 38. d5 exd5 39. Kd4 Bd6 40. Kxd5
Bxc7 41. Ke4 1/2-1/2

[Event "50th Rilton Cup 2022-23"]
[Site "Stockholm SWE"]
[Date "2022.12.29"]
[Round "3.3"]
[White "Sardana, Rishi"]
[Black "Thybo, Jesper Sondergaard"]
[Result "1/2-1/2"]
[WhiteTitle "IM"]
[BlackTitle "GM"]
[WhiteElo "2460"]
[BlackElo "2515"]
[WhiteFideId "25004301"]
[BlackFideId "1438832"]
[EventDate "2022.12.27"]

1. e4 c5 2. c3 e5 3. Nf3 Nc6 4. Bc4 Nf6 5. d3 Be7 6. O-O O-O 7. Re1 d6 8. a4 Be6
9. Na3 h6 10. Bd2 a6 11. Bxe6 fxe6 12. b4 cxb4 13. cxb4 Kh7 14. Qb3 Qd7 15. Nc4
Bd8 16. h3 Nh5 17. b5 axb5 18. axb5 Rxa1 19. Rxa1 Ne7 20. Qd1 Ng6 21. Bb4 Be7
22. g3 Nf6 23. b6 Rc8 24. Qe2 Qc6 25. h4 Bf8 26. Ng5+ hxg5 27. hxg5 d5 28. gxf6
gxf6 29. exd5 Qxd5 30. Qh5+ Kg7 31. Ne3 Qd4 32. Bxf8+ Rxf8 33. Rb1 Rc8 34. Qf3
Qd7 35. Nc4 Ne7 36. Qg4+ Ng6 37. Qf3 Ne7 38. Qg4+ Ng6 39. Qe4 f5 40. Nxe5 fxe4
41. Nxd7 exd3 42. Rd1 Rc3 43. f4 Kf7 44. Kf2 Ke7 45. Ne5 Nxe5 46. fxe5 Rb3 47.
Ke3 d2+ 48. Kxd2 Rxb6 49. Ke3 Rb3+ 50. Kf4 Rb4+ 51. Kf3 Rb3+ 52. Kf4 Rb4+ 53.
Kf3 Rb3+ 1/2-1/2

[Event "50th Rilton Cup 2022-23"]
[Site "Stockholm SWE"]
[Date "2022.12.29"]
[Round "3.4"]
[White "Keinanen, Toivo"]
[Black "Prraneeth, Vuppala"]
[Result "0-1"]
[WhiteTitle "IM"]
[BlackTitle "IM"]
[WhiteElo "2508"]
[BlackElo "2427"]
[WhiteFideId "509825"]
[BlackFideId "46622373"]
[EventDate "2022.12.27"]

1. c4 c5 2. g3 g6 3. Bg2 Bg7 4. Nc3 Nc6 5. Nf3 d6 6. O-O Rb8 7. e3 Nf6 8. d4 O-O
9. Qe2 Bg4 10. Rd1 Nd7 11. d5 Nce5 12. Bd2 a6 13. h3 Bxf3 14. Bxf3 Nxf3+ 15.
Qxf3 b5 16. cxb5 axb5 17. Rab1 b4 18. Ne2 Ne5 19. Qe4 Qd7 20. f4 f5 21. Qc2 Qb5
22. Bc1 Nd7 23. b3 Ra8 24. g4 fxg4 25. hxg4 Nf6 26. g5 Nh5 27. Rd2 Qd7 28. Qe4
Ra7 29. a4 bxa3 30. Ra2 Rfa8 31. Kf2 Qg4 32. b4 Ra4 33. Bd2 Qxe2+ 34. Kxe2 Ng3+
35. Kd3 Nxe4 36. Kxe4 Bb2 37. Kd3 cxb4 38. Kc2 Rc8+ 39. Kb3 Ra7 40. e4 Rac7 41.
e5 Rc5 42. exd6 exd6 43. Re1 Rxd5 44. Bxb4 Rd3+ 45. Ka4 Rd4 0-1

[Event "50th Rilton Cup 2022-23"]
[Site "Stockholm SWE"]
[Date "2022.12.29"]
[Round "3.5"]
[White "Milikow, Yoav"]
[Black "Horvath, Dominik"]
[Result "1/2-1/2"]
[WhiteTitle "IM"]
[BlackTitle "IM"]
[WhiteElo "2416"]
[BlackElo "2502"]
[WhiteFideId "2822237"]
[BlackFideId "1642561"]
[EventDate "2022.12.27"]

1. d4 Nf6 2. c4 e6 3. Nf3 d5 4. Nc3 Bb4 5. Qa4+ Nc6 6. e3 O-O 7. Bd2 Re8 8. Qc2
Bf8 9. a3 h6 10. Rd1 a6 11. h3 e5 12. cxd5 Nxd4 13. exd4 exd4+ 14. Be2 dxc3 15.
Bxc3 Nxd5 16. O-O c6 17. Bc4 Be6 18. Nd4 Qg5 19. Nxe6 Rxe6 20. Bxd5 cxd5 21. Qb3
Rd8 22. Qxb7 Rg6 23. g3 Bc5 24. Bd4 Bxd4 25. Rxd4 Qe5 26. Rfd1 Rxg3+ 27. fxg3
Qxg3+ 28. Kh1 Qxh3+ 29. Kg1 Qg3+ 30. Kh1 Qh3+ 31. Kg1 Qg3+ 1/2-1/2

[Event "50th Rilton Cup 2022-23"]
[Site "Stockholm SWE"]
[Date "2022.12.29"]
[Round "3.6"]
[White "Souleidis, Georgios"]
[Black "Kucuksari, Kaan"]
[Result "0-1"]
[WhiteTitle "IM"]
[BlackTitle "IM"]
[WhiteElo "2410"]
[BlackElo "2492"]
[WhiteFideId "4206827"]
[BlackFideId "6380166"]
[EventDate "2022.12.27"]

1. e4 c5 2. Nf3 d6 3. Bb5+ Nd7 4. O-O a6 5. Bd3 Ngf6 6. c3 b5 7. Bc2 c4 8. b3
cxb3 9. axb3 Bb7 10. Re1 e6 11. d4 Be7 12. Nbd2 O-O 13. Bb2 e5 14. Nf1 Re8 15.
Ng3 Rc8 16. Qd2 Bf8 17. d5 a5 18. Ra2 Qb6 19. Rea1 Ra8 20. Qe3 Qc7 21. Bd3 b4
22. Bb5 Reb8 23. c4 Nc5 24. Nd2 g6 25. h3 Bg7 26. Nf3 Rf8 27. Ba4 Nxa4 28. Rxa4
Nd7 29. R4a2 Nc5 30. Nd2 Bc8 31. Ne2 f5 32. Nc1 f4 33. Qe2 Bd7 34. f3 a4 35.
bxa4 Rxa4 36. Nd3 Nxd3 37. Qxd3 Qa7+ 38. Bd4 exd4 39. Rxa4 Bxa4 40. e5 Bxe5 0-1

[Event "50th Rilton Cup 2022-23"]
[Site "Stockholm SWE"]
[Date "2022.12.29"]
[Round "3.8"]
[White "Gorshtein, Ido"]
[Black "Kilgus, Georg"]
[Result "1/2-1/2"]
[WhiteTitle "IM"]
[BlackTitle "IM"]
[WhiteElo "2469"]
[BlackElo "2389"]
[WhiteFideId "2815532"]
[BlackFideId "1606212"]
[EventDate "2022.12.27"]

1. Nf3 c5 2. c4 Nc6 3. Nc3 g6 4. e3 Nf6 5. d4 cxd4 6. exd4 d5 7. cxd5 Nxd5 8.
Qb3 Nxc3 9. Bc4 e6 10. bxc3 Bg7 11. Ba3 Na5 12. Bb5+ Bd7 13. Qb2 Qb6 14. Bxd7+
Kxd7 15. Qe2 Rac8 16. O-O Qa6 17. Qxa6 bxa6 18. Ng5 Nc4 19. Bc5 f6 20. Nf3 Rc7
21. Rab1 a5 22. Rfd1 Rhc8 23. Nd2 Nxd2 24. Rxd2 Bf8 25. Rb5 Bxc5 26. dxc5+ Ke8
27. Rxa5 Rxc5 28. Rxa7 Rxc3 29. Rd1 Rc1 30. Rf1 R8c7 31. Rxc7 Rxc7 32. a4 Kd7
33. Rd1+ Ke7 34. Kf1 Ra7 35. Ra1 Ra5 36. Ke2 Kd6 37. Kd3 Kc5 38. Rc1+ Kd5 39.
Rc4 e5 40. f3 h5 41. h4 f5 42. Rb4 Rc5 43. Rb3 Ra5 44. Ra3 e4+ 45. Ke3 Ke5 46.
g3 Kd5 47. Ra1 Ke5 48. Ra2 Ra6 49. a5 exf3 50. Kxf3 Kd4 51. Kf4 Kd5 52. Ra4 Ke6
53. Kg5 Ke5 54. Ra3 Ke4 55. Kh6 Ke5 56. Kg5 Ke4 57. Rb3 Rxa5 58. Kxg6 Rc5 59.
Kh6 Ra5 60. Kxh5 1/2-1/2

[Event "50th Rilton Cup 2022-23"]
[Site "Stockholm SWE"]
[Date "2022.12.29"]
[Round "3.9"]
[White "Sasikiran, Krishnan"]
[Black "Sidhant, Mohapatra"]
[Result "1-0"]
[WhiteTitle "GM"]
[BlackTitle "IM"]
[WhiteElo "2635"]
[BlackElo "2337"]
[WhiteFideId "5004985"]
[BlackFideId "5028698"]
[EventDate "2022.12.27"]

1. d4 d5 2. c4 e6 3. Nc3 c5 4. e3 Nf6 5. Nf3 Nc6 6. a3 cxd4 7. exd4 Be7 8. c5
Ne4 9. Qc2 Nxc3 10. Qxc3 b6 11. b4 bxc5 12. bxc5 O-O 13. Bb5 Bd7 14. O-O Qc7 15.
Re1 Rfb8 16. Bxc6 Bxc6 17. Bg5 f6 18. Bh4 Qc8 19. Rac1 Be8 20. Qe3 Bf7 21. Ne5
fxe5 22. Bxe7 exd4 23. Qxd4 Rb7 24. Bd6 Qc6 25. Rc3 Re8 26. h4 Bg6 27. Rce3 Qd7
28. Rg3 Qb5 29. Rc3 Qc6 30. Be5 Ree7 31. Rg3 Qb5 32. Rc1 Qc6 33. Rg5 Rf7 34. h5
Rf5 35. Rxf5 Bxf5 36. h6 gxh6 37. Qh4 Rf7 38. Qxh6 Bg6 39. Rc3 1-0

[Event "50th Rilton Cup 2022-23"]
[Site "Stockholm SWE"]
[Date "2022.12.29"]
[Round "3.10"]
[White "Milikow, Elie"]
[Black "Smirin, Ilia"]
[Result "1/2-1/2"]
[WhiteTitle "FM"]
[BlackTitle "GM"]
[WhiteElo "2427"]
[BlackElo "2596"]
[WhiteFideId "371281868"]
[BlackFideId "2801990"]
[EventDate "2022.12.27"]

1. e4 c5 2. Nf3 Nc6 3. d4 cxd4 4. Nxd4 Qb6 5. Nb3 Nf6 6. Nc3 e6 7. Bd3 a6 8. Qe2
Qc7 9. O-O Be7 10. f4 d6 11. Bd2 b5 12. a3 O-O 13. Rae1 b4 14. axb4 Nxb4 15. e5
dxe5 16. fxe5 Nd7 17. Kh1 Nxd3 18. Qxd3 Nxe5 19. Qg3 f6 20. Bh6 Bb4 21. Nd4 Kh8
22. Bf4 Bxc3 23. bxc3 Bd7 24. Nf3 Qc4 25. Bxe5 fxe5 26. Qxe5 a5 1/2-1/2

[Event "50th Rilton Cup 2022-23"]
[Site "Stockholm SWE"]
[Date "2022.12.29"]
[Round "3.11"]
[White "Livaic, Leon"]
[Black "Oratovsky, Michael"]
[Result "1-0"]
[WhiteTitle "GM"]
[BlackTitle "GM"]
[WhiteElo "2572"]
[BlackElo "2422"]
[WhiteFideId "14531534"]
[BlackFideId "2802090"]
[EventDate "2022.12.27"]

1. d4 Nf6 2. Nc3 d5 3. Bf4 e6 4. Nb5 Na6 5. e3 c6 6. Nc3 Qb6 7. a3 c5 8. Nf3 Bd7
9. Rb1 Be7 10. Ne5 O-O 11. Bg5 Nb8 12. Ng4 Qd8 13. Nxf6+ Bxf6 14. Bxf6 Qxf6 15.
dxc5 Rc8 16. Qd4 Qe7 17. b4 b6 18. cxb6 axb6 19. Rb3 Nc6 20. Qd2 Ne5 21. Bd3 Qg5
22. f4 Qh4+ 23. Qf2 Nxd3+ 24. cxd3 Qf6 25. Qd2 d4 26. Ne4 Qh4+ 27. g3 dxe3 28.
gxh4 exd2+ 29. Kxd2 Ba4 30. Rc3 Rd8 31. Ke3 Bb5 32. Nd2 h6 33. Nc4 Rab8 34. Ra1
Rd5 35. a4 Be8 36. a5 bxa5 37. bxa5 Ra8 38. a6 Ra7 39. Rca3 Bb5 40. Ra5 Rh5 41.
Nd6 Rxa6 42. Rxa6 Bxa6 43. Rxa6 f6 44. Ra8+ Kh7 45. Ra7 Rxh4 46. Ne8 Rh3+ 47.
Ke4 1-0

[Event "50th Rilton Cup 2022-23"]
[Site "Stockholm SWE"]
[Date "2022.12.29"]
[Round "3.12"]
[White "Jacobson, Brandon"]
[Black "Richter, Nils"]
[Result "1-0"]
[WhiteTitle "GM"]
[BlackTitle "FM"]
[WhiteElo "2551"]
[BlackElo "2416"]
[WhiteFideId "30901561"]
[BlackFideId "12990809"]
[EventDate "2022.12.27"]

1. Nf3 d5 2. g3 Nf6 3. Bg2 e6 4. O-O Be7 5. d3 c5 6. e4 Nc6 7. Qe2 O-O 8. a4 h6
9. Bf4 b6 10. h4 Bb7 11. Na3 a6 12. c3 c4 13. dxc4 dxe4 14. Nd2 e5 15. Be3 Nd4
16. cxd4 exd4 17. Bf4 Re8 18. Nb3 Rc8 19. a5 bxa5 20. Qd2 Nh5 21. Qxd4 Nxf4 22.
gxf4 Qc7 23. Qe3 Bxh4 24. Rad1 Be7 25. Nd4 Bc5 26. Nac2 a4 27. Qg3 Qb6 28. b4
axb3 29. Qxb3 Qc7 30. Qg3 Bf8 31. Ne3 Rcd8 32. Ng4 Rd6 33. f5 Qd8 34. Ne6 Rexe6
35. fxe6 Rxd1 36. Nxh6+ Kh7 37. Nxf7 Rxf1+ 38. Bxf1 Qd1 39. Qh4+ Kg6 40. Qg5+
Kh7 41. Qh4+ Kg6 42. Nh8+ Kf5 43. e7 Bxe7 44. Qxe7 1-0

[Event "50th Rilton Cup 2022-23"]
[Site "Stockholm SWE"]
[Date "2022.12.29"]
[Round "3.13"]
[White "Sokolovsky, Yahli"]
[Black "Hillarp Persson, Tiger"]
[Result "1/2-1/2"]
[WhiteTitle "IM"]
[BlackTitle "GM"]
[WhiteElo "2415"]
[BlackElo "2523"]
[WhiteFideId "2820242"]
[BlackFideId "1700812"]
[EventDate "2022.12.27"]

1. e4 c5 2. Nf3 d6 3. d4 cxd4 4. Nxd4 Nf6 5. Nc3 a6 6. Bd3 e6 7. Qe2 Qb6 8. Nb3
Qc7 9. Be3 Nc6 10. a4 b6 11. O-O Be7 12. f4 O-O 13. Nd2 Re8 14. Nc4 Rb8 15. e5
dxe5 16. fxe5 Nxe5 17. Bf4 Qc5+ 18. Be3 Qc7 19. Bf4 Qc5+ 20. Be3 1/2-1/2

[Event "50th Rilton Cup 2022-23"]
[Site "Stockholm SWE"]
[Date "2022.12.29"]
[Round "3.14"]
[White "Abdrlauf, Elham"]
[Black "Percivaldi, Martin"]
[Result "1/2-1/2"]
[WhiteTitle "IM"]
[BlackTitle "IM"]
[WhiteElo "2518"]
[BlackElo "2412"]
[WhiteFideId "1533533"]
[BlackFideId "1508148"]
[EventDate "2022.12.27"]

1. d4 d5 2. Nf3 a6 3. Bf4 Nf6 4. e3 Bf5 5. c4 e6 6. Qb3 Ra7 7. Nc3 Bd6 8. Bxd6
Qxd6 9. c5 Qd8 10. Qa4+ Nfd7 11. Be2 Nc6 12. O-O O-O 13. Rfd1 Ra8 14. b4 h6 15.
Qb3 Qe7 16. Qb2 Rfb8 17. a3 Nf6 18. h3 Rd8 19. Rac1 Bg6 20. Na2 Be4 21. a4 Bxf3
22. Bxf3 Qe8 23. b5 axb5 24. axb5 Ne7 25. Be2 Ra5 26. Nb4 Rda8 27. Ra1 Qd8 28.
Bd3 R8a7 29. Rxa5 Rxa5 30. Qc3 Ra7 31. Rc1 Ne8 32. Bb1 g6 33. e4 dxe4 34. Bxe4
Nf6 35. Bf3 Ned5 36. Nxd5 Nxd5 37. Qb3 Ra5 38. Re1 Qd7 39. Rb1 Kg7 40. Qc4 Qd8
41. c6 b6 42. Qc1 Ra4 43. Bxd5 Qxd5 44. Qf4 Qf5 45. Qxf5 gxf5 46. Rd1 Kf6 47. d5
exd5 48. Rxd5 Rb4 49. Kf1 Ke6 50. Rd7 Rxb5 51. Rxc7 Rc5 52. Rc8 b5 53. Ke2 b4
54. c7 Ke7 55. Rh8 Rxc7 56. Rxh6 Rc2+ 57. Ke3 f4+ 58. Kf3 b3 59. Rb6 b2 60. h4
Kf8 61. g4 fxg3 62. fxg3 Kg7 63. Kg4 Rc4+ 64. Kh3 Rc2 65. h5 Rd2 66. g4 f6 67.
Kg3 Rc2 68. Rb7+ Kh6 69. Kf4 Rf2+ 70. Ke3 Rg2 71. Kf3 Rc2 72. Kg3 Rd2 73. Rb6
Kg7 74. Kf3 Rc2 75. Kf4 Rf2+ 76. Ke4 Re2+ 77. Kf3 Rc2 78. Kg3 Rd2 79. Rb8 Rc2
80. Kh4 Rh2+ 81. Kg3 Rc2 82. Kh4 Rh2+ 1/2-1/2

[Event "50th Rilton Cup 2022-23"]
[Site "Stockholm SWE"]
[Date "2022.12.29"]
[Round "3.15"]
[White "Kulaots, Kaido"]
[Black "Peyrer, Konstantin"]
[Result "1-0"]
[WhiteTitle "GM"]
[BlackTitle "FM"]
[WhiteElo "2513"]
[BlackElo "2380"]
[WhiteFideId "4500261"]
[BlackFideId "1640879"]
[EventDate "2022.12.27"]

1. e4 e5 2. Nf3 Nc6 3. Bc4 Nf6 4. d3 h6 5. O-O d6 6. a4 g5 7. a5 a6 8. Nc3 Bg7
9. Be3 O-O 10. Kh1 g4 11. Ng1 Nh5 12. Nge2 Kh7 13. Ng3 Nxg3+ 14. fxg3 f5 15. Qe2
Ne7 16. Rf2 c6 17. Na4 d5 18. Nb6 Rb8 19. Bb3 Qd6 20. Nxc8 Rbxc8 21. Raf1 d4 22.
Bd2 Qg6 23. exf5 Rxf5 24. Qe4 Rcf8 25. Kg1 h5 26. Rxf5 Rxf5 27. Rf2 Bh6 28. Rxf5
Qxf5 29. Qxf5+ Nxf5 30. Bb4 Bc1 31. Be6 Ne3 32. Bd6 Bxb2 33. Bc8 Bc3 34. Bxb7
Bxa5 35. Bxe5 Nxc2 36. Bxc6 Bd2 37. Kf1 Be3 38. Bd6 Bg5 39. Ke2 Bf6 40. Be8 Kh6
41. Bf4+ Bg5 42. Be5 Be3 43. Bd6 a5 44. Bc7 Nb4 45. Bxa5 Nd5 46. Bc6 Nf6 47. h4
gxh3 48. gxh3 h4 49. gxh4 Nh5 50. Kf3 Nf4 51. Bb5 Nxh3 52. Kg3 Nf4 53. Kg4 Kg6
54. Bd8 Ne6 55. h5+ Kh6 56. Be7 Ng7 57. Bf8 Bd2 58. Bd7 Be3 59. Be6 Bd2 60. Bf7
Bc1 61. Bd6 Be3 62. Bf4+ Kh7 63. Bg5 1-0

[Event "50th Rilton Cup 2022-23"]
[Site "Stockholm SWE"]
[Date "2022.12.29"]
[Round "3.16"]
[White "Seo, Jung Min"]
[Black "Trost, Edvin"]
[Result "1-0"]
[WhiteTitle "IM"]
[BlackTitle "FM"]
[WhiteElo "2502"]
[BlackElo "2380"]
[WhiteFideId "1734687"]
[BlackFideId "1729519"]
[EventDate "2022.12.27"]

1. e4 c6 2. d4 d5 3. e5 Bf5 4. Nd2 e6 5. Nb3 Nd7 6. Nf3 Qc7 7. Be2 c5 8. dxc5
Bxc5 9. Nxc5 Qxc5 10. c3 Ne7 11. O-O O-O 12. Bf4 Qc7 13. Re1 Nc5 14. Nd4 Ng6 15.
Be3 Nxe5 16. Nxf5 exf5 17. Qxd5 Ne6 18. f4 Ng6 19. g3 Ne7 20. Qc4 Nc6 21. Rad1
Rfe8 22. Bf2 Rad8 23. Bf1 Rxd1 24. Rxd1 Rd8 25. Rxd8+ Qxd8 26. Qd3 Qxd3 27. Bxd3
g6 28. Kf1 Kf8 29. Ke2 Ke7 30. b4 a6 31. a4 Kd6 32. a5 Ne7 33. c4 Nc6 34. Be1
Nb8 35. Kd2 Nd7 36. Ke3 Nf6 37. h3 h5 38. Bc3 Nd7 39. Be2 Kc6 40. Bf3+ Kc7 41.
Bg2 Nd8 42. b5 Ne6 43. Bd5 Kc8 44. h4 Kc7 45. Bb4 Nf6 46. Be7 Nd7 47. Kd3 Kc8
48. Kc3 Kc7 49. Kb4 Kc8 50. bxa6 bxa6 51. c5 Nb8 52. Bd6 Nd8 53. Bxb8 Kxb8 54.
Kc4 Kc7 55. Kd4 Kd7 56. Ke5 Ke7 57. c6 f6+ 58. Kd4 Kd6 59. c7 Kxc7 60. Kc5 Kd7
61. Kb6 Kd6 62. Bb7 g5 63. Bxa6 gxh4 64. gxh4 Nc6 65. Be2 Nxa5 66. Kxa5 Kd5 67.
Bxh5 Ke4 68. Bd1 Kxf4 69. Kb4 Ke5 70. h5 Ke6 71. Bb3+ Ke7 72. h6 Kf8 73. Kc3 f4
74. Kd2 f5 75. Ke2 f3+ 76. Kxf3 f4 77. Kxf4 Ke7 78. h7 1-0

[Event "50th Rilton Cup 2022-23"]
[Site "Stockholm SWE"]
[Date "2022.12.29"]
[Round "3.17"]
[White "Parkhov, Yair"]
[Black "Park, Evan"]
[Result "1-0"]
[WhiteTitle "IM"]
[BlackTitle "IM"]
[WhiteElo "2470"]
[BlackElo "2362"]
[WhiteFideId "2813408"]
[BlackFideId "30931142"]
[EventDate "2022.12.27"]

1. d4 Nf6 2. c4 e6 3. Nc3 Bb4 4. f3 c5 5. d5 b5 6. e4 d6 7. Ne2 bxc4 8. Nf4 e5
9. Ne2 Nbd7 10. Ng3 Nb6 11. Be2 O-O 12. O-O Bxc3 13. bxc3 Kh8 14. a4 a5 15. f4
exf4 16. Bxf4 Ng8 17. Nh5 f6 18. Qe1 Qe7 19. Qg3 Rd8 20. Rab1 Ra6 21. h3 g6 22.
Nxf6 Nxf6 23. Qh4 Rf8 24. Bg5 Nbd7 25. Bg4 Qe8 26. Bxf6+ Nxf6 27. Rxf6 Bxg4 28.
Rb7 Bh5 29. Qf4 1-0

[Event "50th Rilton Cup 2022-23"]
[Site "Stockholm SWE"]
[Date "2022.12.29"]
[Round "3.18"]
[White "Lindberg, Bengt"]
[Black "Dann, Matthias"]
[Result "1/2-1/2"]
[WhiteTitle "IM"]
[BlackTitle "IM"]
[WhiteElo "2349"]
[BlackElo "2465"]
[WhiteFideId "1700359"]
[BlackFideId "24638056"]
[EventDate "2022.12.27"]

1. e4 c5 2. Nf3 d6 3. d4 cxd4 4. Nxd4 Nf6 5. Nc3 Nc6 6. Bg5 e6 7. Bb5 Bd7 8. Qd3
h6 9. Bh4 g5 10. Bg3 Ne5 11. Bxe5 dxe5 12. Nde2 a6 13. Bxd7+ Qxd7 14. Qxd7+ Kxd7
15. O-O-O+ Kc7 16. Rd3 Rd8 17. Rhd1 Rxd3 18. Rxd3 h5 19. Rf3 Rh6 20. Kd1 g4 21.
Rd3 Bc5 22. Ke1 b5 23. a3 Nd7 24. b4 Be7 25. Nd1 Nb6 26. Nb2 Rh8 27. Nc1 Kb8 28.
Rc3 Rc8 29. Rxc8+ Kxc8 30. Nb3 Kc7 31. Ke2 f5 32. f3 Kc6 33. Na5+ Kc7 34. c4 Nd7
35. cxb5 axb5 36. Nd3 Bd6 37. Nb3 Nb6 38. Nb2 Be7 39. Nc1 Bg5 40. Ncd3 Kd6 41.
h3 gxh3 42. gxh3 Bh6 43. Nf2 Bc1 44. Nfd1 h4 45. Kd3 Kc6 46. Kc2 Bxb2 47. Nxb2
Nd7 48. Nd3 Kd6 49. Ne1 fxe4 50. fxe4 Nf6 51. Kd3 Nh5 52. Nf3 Nf4+ 53. Kd2 Nxh3
54. Nxh4 Nf2 55. Ke3 Nd1+ 56. Kd3 Nf2+ 1/2-1/2

[Event "50th Rilton Cup 2022-23"]
[Site "Stockholm SWE"]
[Date "2022.12.29"]
[Round "3.19"]
[White "Dubkov, Andrej"]
[Black "Raja, Rithvik R"]
[Result "0-1"]
[WhiteTitle "FM"]
[BlackTitle "GM"]
[WhiteElo "2330"]
[BlackElo "2453"]
[WhiteFideId "4686411"]
[BlackFideId "35007394"]
[EventDate "2022.12.27"]

1. Nf3 d5 2. d4 Nf6 3. c4 e6 4. Nc3 Bb4 5. Qa4+ Nc6 6. e3 O-O 7. Bd2 Re8 8. Qc2
a6 9. a3 Bd6 10. h3 h6 11. Rd1 dxc4 12. Bxc4 e5 13. dxe5 Nxe5 14. Nxe5 Rxe5 15.
f4 Bf5 16. Qb3 Re7 17. Qxb7 Rb8 18. Qxa6 Bc2 19. O-O Bxd1 20. Rxd1 Rxb2 21. Bc1
Rc2 22. Ne2 Qe8 23. Nd4 Rxc1 24. Rxc1 Rxe3 25. Nc2 Qe4 26. Qc8+ Kh7 27. Bxf7 Re2 0-1